| 000 | 01091nam a2200217 4500 | ||
|---|---|---|---|
| 005 | 20241105111939.0 | ||
| 007 | ta | ||
| 008 | 241030e2024 dr fx|p|r||||||0| 0 spa d | ||
| 040 |
_aDO-SdBNP _cBNPHU _erda |
||
| 041 | _hspa | ||
| 110 |
_aCooperativa Médica de Santiago de Servicios Múltiples _973182 |
||
| 245 |
_aPinitos saludables : _bboletín informativo de la Cooperativa Médica de Santiago / _cCooperativa Médica de Santiago |
||
| 260 |
_aSantiago de los Caballeros, República Dominicana : _bCooperativa Médica de Santiago, _c2024. |
||
| 300 |
_avolumen : _bilustraciones, fotografías ; _c28 cm. |
||
| 310 | _asemestral. | ||
| 362 | _aEnero-junio 2024. | ||
| 500 | _aDonado por: Editora Búho. | ||
| 520 | _aBoletín Informativo y Educativo “Pinitos Saludables”, canal de comunicación cuyo contenido te mantendrá informado de las múltiples actividades, acciones y proyectos que desde el Plan Estratégico desarrolla la institución cooperativista. | ||
| 650 | 0 |
_aSociedades cooperativas _zRepública Dominicana _976723 _vPublicaciones periódicas |
|
| 942 |
_2ddc _cISSUE |
||
| 999 |
_c57943 _d57943 |
||